000 00377nam a2200145Ia 4500
008 230711s9999||||xx |||||||||||||| ||und||
041 _aENG
082 _a677
_bCA-K
100 _aCauble,Gliman
245 0 _aKnow about threads : cotton skills
250 _a1st Ed.
260 _c1997
_aNew Delhi
_bTextile Committee Govt of India
650 _aTextile Engineering
942 _cBK
999 _c3632
_d3632